| 000 | 00477 a2200157 4500 | ||
|---|---|---|---|
| 020 | _a0132130793 | ||
| 040 |
_aDLC _bDLC |
||
| 100 | _aLiang, Y. Daniel. | ||
| 245 |
_aIntroduction to java programming: Brief version _cY. Daniel Liang |
||
| 250 | _a8th | ||
| 260 |
_aUpper Saddle River, NJ : _bPearson/Prentice Hall, _c2011. |
||
| 300 |
_axxii, 731 p. : _bill. ; _c26 cm. |
||
| 500 | _aIncludes index. | ||
| 650 | _aJava (Computer program language) | ||
| 942 |
_cBK _k005.133 LIA _2ddc |
||
| 999 |
_c10290 _d10290 |
||